| 000 | 00726nam a2200181 i 4500 | ||
|---|---|---|---|
| 001 | 153497 | ||
| 003 | ES-MaACL | ||
| 005 | 20230906205241.0 | ||
| 008 | 051003s1904 sp | |||||||| ||spa d | ||
| 040 |
_aCAM _bspa _cCAM |
||
| 100 | 1 |
_aDíez Tortosa, Juan Luis. _944778 |
|
| 245 | 1 | 0 |
_aEstudios sobre la conductibidad eléctrica de la orina y de la leche _b: tésis del doctorado en Farmacia / _cpor Juan Luis Diez Tortosa. |
| 260 |
_aGranada : _b[s.n.], _c1904 ( _fTipografía de López Guevara) |
||
| 300 |
_a39 p. ; _c25 cm. |
||
| 650 | 4 |
_aOrina- _xConductibilidad eléctrica. _9136636 |
|
| 650 | 4 |
_aLeche- _xConductibilidad eléctrica. _9136345 |
|
| 852 |
_aES-MaACL _jT-1050-F-12 _z-- Enc. hol., conservando la enc. original |
||
| 999 |
_c153497 _d153497 |
||